Informačný systém pre správu objednávok dielov
Guardado en:
| Autor principal: | |
|---|---|
| Otros Autores: | |
| Formato: | Manuscrito Libro |
| Lenguaje: | eslovaco |
| Publicado: |
2015
|
| Materias: | |
| Acceso en línea: | http://is.stuba.sk/zp/portal_zp.pl?podrobnosti=121006 |
| Etiquetas: |
Sin Etiquetas, Sea el primero en etiquetar este registro!
|
MARC
| LEADER | 00000ntm a22000003a 4500 | ||
|---|---|---|---|
| 001 | stuzp50015 | ||
| 003 | SK-STU | ||
| 005 | 20160719153432.9 | ||
| 007 | ta | ||
| 008 | 150427s2015----xo-----f-mn---000-0-slo-d | ||
| 040 | |a STU |b slo | ||
| 041 | 0 | |a slo | |
| 100 | 1 | |a Kubina, Ondrej |u 066000 |4 aut |U MTF Materiálovotechnologická fakulta |T MTF Ústav aplikovanej informatiky, automatizácie a mechatroniky |X 46955 |U M6000 |Y 86 |7 46955 | |
| 242 | 0 | 1 | |a Information system for orders of parts |y eng |
| 245 | 1 | 0 | |a Informačný systém pre správu objednávok dielov |
| 260 | |c 2015 | ||
| 650 | 4 | |a UML |2 slo | |
| 650 | 4 | |a SQL |2 slo | |
| 650 | 4 | |a databáza |2 slo | |
| 650 | 4 | |a systém |2 slo | |
| 650 | 4 | |a database |2 eng | |
| 650 | 4 | |a SQL |2 eng | |
| 650 | 4 | |a system |2 eng | |
| 650 | 4 | |a UML |2 eng | |
| 700 | 1 | |a Špendla, Lukáš |4 ths |X 52333 |7 A000052333 | |
| 856 | 4 | |u http://is.stuba.sk/zp/portal_zp.pl?podrobnosti=121006 | |
| 996 | |c M* BP-7101 |l MMSKP |s P |a 0 |w stuzp50015_0001 | ||
| SQL | |a stuzp50015 |b DBP |c SLO |d Informačný systém pre správu objednávok dielov |e 46955 |f Kubina, Ondrej |g 066000 |h 52333 |i Špendla, Lukáš |j 20150624 |k 168 |l 06 |m http://is.stuba.sk/zp/portal_zp.pl?podrobnosti=121006 |n B-AIA |o 5.2.14. automatizácia, 9.2.9. aplikovaná informatika | ||